The Express Tribune (Karachi, Pakistan)

Bibliographic Details
Format: eBook
Language:English
Published: Karachi: Knowledge Bylanes, 2013 -
Subjects:
Online Access:Acceso restringido

MARC

LEADER 00000nam a22000007a 4500
005 2019101805185.0
007 cr|||| ||||
008 191018c20139999pk dr|w s|||| 0|||b1eng d
035 |a 22235 
040 |a vLex 
090 |c 9907  |d 9907 
245 0 3 |a The Express Tribune (Karachi, Pakistan)  |h [Recurso electrn̤ico] / 
256 |a Servicio en ln̕ea 
260 |a Karachi:  |b Knowledge Bylanes,  |c 2013 - 
300 |a 1 recurso electrn̤ico 
310 |a Diaria 
506 1 |a Disponible solo en los productos indicados  |d vLex Global  |d vLex Global (Academic Edition, excluding Law Schools)  |d vLex Global (U.S. Academic Edition, Law Schools)  |d vLex Global (U.S. Academic Edition, excluding Law Schools)  |d vLex Global (Academic Edition, Law Schools) 
650 0 4 |a Interš general  |z Pakistǹ 
740 0 |a vLex Revistas (Servicio en ln̕ea) 
856 4 0 |u http://vlex.com/source/22235  |z Acceso restringido 
942 |c REV 
999 0 |a General interest